ბათუმის შოთა რუსთაველის სახელმწიფო უნივერსიტეტის ბიბლიოთეკა

ჰიდრომელიორაციული სისტემების ექსპლოატაცია. (ბიბ.ჩანაწერი № 44374)

000 -LEADER
fixed length control field 01020nam a2200229Ia 4500
001 - CONTROL NUMBER
control field 11136
003 - CONTROL NUMBER IDENTIFIER
control field GE_BSU
008 - FIXED-LENGTH DATA ELEMENTS--GENERAL INFORMATION
fixed length control field 181216s||||||||xx |||||||||||||| ||und||
040 ## - CATALOGING SOURCE
Transcribing agency GE_BSU
080 ## - UNIVERSAL DECIMAL CLASSIFICATION NUMBER
Universal Decimal Classification number 626.8(075.8)
100 ## - MAIN ENTRY--PERSONAL NAME
Personal name ხურცილავა,ა
245 ## - TITLE STATEMENT
Title ჰიდრომელიორაციული სისტემების ექსპლოატაცია.
245 ## - TITLE STATEMENT
Remainder of title სახელმძღვ.უმაღლესი სასოფლო-სამეურნეო სასწავლებლების სტუდენტებისათვის.
245 ## - TITLE STATEMENT
Statement of responsibility, etc. რედ:ბ.ჩიკვაშვილი.
260 ## - PUBLICATION, DISTRIBUTION, ETC.
Place of publication, distribution, etc. თბილისი.
260 ## - PUBLICATION, DISTRIBUTION, ETC.
Name of publisher, distributor, etc. განათლება.
260 ## - PUBLICATION, DISTRIBUTION, ETC.
Date of publication, distribution, etc. 1982.
300 ## - PHYSICAL DESCRIPTION
Extent 323გვ;22სმ.
300 ## - PHYSICAL DESCRIPTION
Accompanying material ცხრ;დანართები გვ.304.
653 ## - INDEX TERM--UNCONTROLLED
Uncontrolled term ჰიდრომელიორაციული სისტემების ექსპლოატაცია.
942 ## - ADDED ENTRY ELEMENTS (KOHA)
Koha item type წიგნი
ეგზემპლარები
Withdrawn status Lost status Damaged status Not for loan Date acquired Barcode Date last seen Price effective from Koha item type
        2018-12-17 19187 2018-12-17 2018-12-17 წიგნი
        2018-12-17 19188 2018-12-17 2018-12-17 წიგნი
        2018-12-17 19189 2018-12-17 2018-12-17 წიგნი
        2018-12-17 19190 2018-12-17 2018-12-17 წიგნი
        2018-12-17 19191 2018-12-17 2018-12-17 წიგნი
        2018-12-17 19192 2018-12-17 2018-12-17 წიგნი
        2018-12-17 19193 2018-12-17 2018-12-17 წიგნი
        2018-12-17 19194 2018-12-17 2018-12-17 წიგნი